000 00901nam a2200289 a 4500
001 000014557
005 20200929163852.0
008 100114s2001 sp 000 f spa d
020 _a848310136X
040 _aDO-SdBNP
_bspa
_cBNPHU
041 1 7 _aspa
_hswe
_2Código de idioma MARC
082 _a839.774
_bM278q, 2001
100 1 _aMankell, Henning,
_d1948-
_932950
240 1 4 _aDen femte kvinnan.
_lEspañol
245 1 3 _aLa quinta mujer /
_cHenning Mankell ; traducción de Marina Torres.
250 _a10a ed.
260 _aBarcelona :
_bTusquets,
_c2001.
300 _a481, [5] p. ;
_c23 cm.
490 1 _aAndanzas
_v408
534 _pTítulo original en Sueco:
_tDen femte kvinnan,
_c1996
650 4 _aNovela sueca
_932951
650 4 _aLiteratura sueca
_ySIGLO XX
_932952
700 1 _aTorres, Marina,
_etr.
_932953
830 0 _aAndanzas ;
_v408
_918113
910 _aWM
049 _aBNGR
999 _c14144
_d14144